Представление документа в формате MARC21

Поле Инд. ПП Название Значение
Тип записи a
Библиографический уровень m
001 Контрольный номер RU/IS/BASE/344093116
005 Дата корректировки 20140227142236.1
040 a Служба первич. каталог. НБ ТвГУ
b Код языка каталог. rus
e Правила каталог. PSBO
041 0_ a Код языка текста rus
080 a Индекс УДК 902/904(477.7)
084 a Индекс другой классификации/Индекс ББК Т443.2
090 a Полочн. индекс 902.6
x Авторский знак Х 98
245 10 a Заглавие Художественная культура и археология античного мира
b Продолж. заглавия сборник памяти Б. В. Формаковского
c Ответственность АН СССР, Ин-т археологии ; редкол. : Н. И. Сокольский [и др.]
260 a Место издания Москва
b Издательство Наука
c Дата издания 1976
300 a Объем 240 с.
b Иллюстрации/ тип воспроизводства ил., табл.
504 a Библиография Список печ. трудов Б. В. Формаковского : с. 6-10. - Библиогр. в конце ст.
653 1_ a Ключевые слова Античная археология
a Ключевые слова Античный мир
a Ключевые слова Археологические памятники
a Ключевые слова Северное Причерноморье
a Ключевые слова Фармаковский, Борис Владимирович, о нем
653 1_ a Ключевые слова Археология
653 1_ a Ключевые слова Античное искусство
700 1_ a Другие авторы Сокольский Николай Иванович
e Роль лиц ред.
901 t Тип документа m
920 a Оператор Влас
930 a Новая/Ретро сборники
954 a Дата поступления на обработку 20101126